| 000 | 00408cam a2200169ua 4500 | ||
|---|---|---|---|
| 003 | OSt | ||
| 008 | 250617b |||||||| |||| 00| 0 eng d | ||
| 041 | _aeng | ||
| 082 |
_a624.1821 _bVAZ/ST |
||
| 100 |
_aVazirani, V.N . _91702 |
||
| 245 | _aSteel structures / | ||
| 250 | _a15 / | ||
| 260 |
_aDelhi : _bKhanna publishers , _c1992. |
||
| 300 | _a1015 ; . | ||
| 700 | 1 |
_aRatwani, M.M . _91703 |
|
| 942 | _cBK | ||
| 999 |
_c9279 _d9279 |
||